[Event "TIPC 2013"]
[Site "Charleroi"]
[Date "2013.07.29"]
[Round "4.15"]
[White "Hanset, Marc"]
[Black "Van Uytven, Eric"]
[Result "1/2-1/2"]
[LiveChessVersion "1.4-u16"]
[BlackElo "2134"]
[WhiteElo "1900"]

1. e4 c5 2. Nf3 a6 3. c3 d6 4. d4 Nd7 5. Bd3 e5 6. O-O Ngf6 7. Bg5 Be7 8. Nbd2
O-O 9. Nc4 Qc7 10. Ne3 Re8 1/2-1/2

[Event "TIPC 2013"]
[Site "Charleroi"]
[Date "2013.07.30"]
[Round "5.1"]
[White "Hautot, Stéphane"]
[Black "Rausis, Igors"]
[Result "0-1"]
[LiveChessVersion "1.4-u16"]
[BlackElo "2545"]
[WhiteElo "2366"]

1. e4  e5  2. Nf3  Nc6
 3. d4  exd4  4. Bc4
 Nf6  5. e5  Ne4 
6. Qe2  Nc5  7. c3  d3
 8. Qe3  Be7  9. b4
 Ne6  10. O-O  d5
 11. Bxd3  O-O  12. Rd1
 f6  13. Bc4  Ned4
 14. Nxd4  dxc4  15. Qe2
 Qd5  16. e6  Bd6
 17. Na3  Nxd4  18. Rxd4
 Qe5  19. Qxe5  Bxe5
 20. e7  Re8  21. Rd8
 Be6  22. Rxa8  Rxa8
 23. Bd2  a6  24. Re1
 Kf7  25. Nc2  Re8
 26. f4  Bd6  27. Be3
 Bf5  28. Nd4  Bd7
 29. Nf3  Rxe7  30. Kf2
 Re8  31. Nd2  b5
 32. g3  Bc6  33. a3
 h5  34. Re2  Bd5
 35. Bd4  Ra8  36. Ne4
 Bxe4  37. Rxe4  a5
 38. Bc5  axb4  39. Bxd6
 cxd6  40. axb4  Ra3
 41. Re3  Ra2+  42. Re2
 Rxe2+  43. Kxe2  Ke6
 44. Ke3  Kf5  45. Kd4
 Kg4  46. Kd5  Kh3
 47. Kc6  Kxh2  48. Kxb5
 Kxg3  49. Kxc4  h4
 50. b5  h3  51. b6
 h2  52. b7  h1=Q
 53. b8=Q  Qe4+  0-1

[Event "TIPC 2013"]
[Site "Charleroi"]
[Date "2013.07.30"]
[Round "5.2"]
[White "Kveinys, Aloyzas"]
[Black "Tomov, Georgi"]
[Result "1-0"]
[LiveChessVersion "1.4-u16"]
[BlackElo "2301"]
[WhiteElo "2479"]

1. d4  Nf6  2. Nf3  e6
 3. c4  d5  4. Bg5
 Bb4+  5. Nbd2  h6
 6. Bxf6  Qxf6  7. a3
 Bxd2+  8. Qxd2  O-O
 9. e3  Nd7  10. Qc3
 dxc4  11. Bxc4  c5
 12. O-O  cxd4  13. Nxd4
 b6  14. Bb5  a6 
15. Be2  e5  16. Nf3  Re8
 17. Rfd1  Nc5  18. Rd5
 Bb7  19. Rxe5  Red8
 20. Rh5  Qxc3  21. bxc3
 Na4  22. c4  Nc3
 23. Bf1  Bxf3  24. gxf3
 Rd6  25. Rh4  Rad8
 26. c5  bxc5  27. Rc1
 Na2  28. Rxc5  Rd1
 29. Kg2  Nc1  30. Bxa6
 Ra8  31. Rc8+  Rxc8
 32. Bxc8  Nd3  33. Rd4
 Ne1+  34. Kg3  Rxd4
 35. exd4  Nc2  36. a4
 Nxd4  37. a5  Nc6
 38. a6  Kf8  39. Bb7
 Na7  40. Kf4  Ke7
 41. Ke5  f6+  42. Kd5
 Kd7  43. Kc5  Kc7
 44. f4  g6  45. h3
 g5  46. fxg5  fxg5
 47. f3  h5  48. Kd5
 Nb5  49. Ke5  Nd6
 50. Kf6  g4  51. fxg4
 1-0

[Event "TIPC 2013"]
[Site "Charleroi"]
[Date "2013.07.30"]
[Round "5.3"]
[White "Sarrau, Jelle"]
[Black "Ringoir, Tanguy"]
[Result "0-1"]
[LiveChessVersion "1.4-u16"]
[BlackElo "2471"]
[WhiteElo "2309"]

1. d4  Nf6  2. c4  c5
 3. d5  e6  4. Nc3
 exd5  5. cxd5  d6
 6. e4  g6  7. Nge2
 Bg7  8. Ng3  a6 
9. a4  Nbd7  10. Be2  h5
 11. Bg5  Qa5  12. Bd2
 Qc7  13. O-O  O-O
 14. f3  c4  15. Be3
 Nc5  16. Ra3  Bd7
 17. a5  Bb5  18. Nh1
 Nfd7  19. Nf2  Nb3
 20. f4  f5  21. Nh3
 Ndc5  22. Ng5  Bxc3
 23. bxc3  Nxe4  24. Nxe4
 Qe7  25. Rf3  Qxe4
 26. Rg3  Kf7  27. Ra2
 Rae8  28. Bf2  Qxf4
 29. Bxh5  Rg8  30. h4
 Qh6  31. Bf3  Nc1
 32. Qd2  Qxd2  33. Rxd2
 Nd3  34. h5  g5 
35. Be2  g4  36. Re3  Re5
 37. g3  Rge8  38. Rxe5
 dxe5  39. Bb6  Rh8
 40. Bxd3  cxd3  41. Bc7
 Kf6  42. Rh2  Rxh5
 0-1

[Event "TIPC 2013"]
[Site "Charleroi"]
[Date "2013.07.30"]
[Round "5.4"]
[White "Vandevoort, Pascal"]
[Black "Eliet, Nicolas"]
[Result "1/2-1/2"]
[LiveChessVersion "1.4-u16"]
[BlackElo "2402"]
[WhiteElo "2384"]

1. e4  c6  2. Nc3  d5
 3. Nf3  a6  4. d4
 Bg4  5. Be3  e6 
6. Bd3  Nf6  7. h3  Bh5
 8. a3  Be7  9. Qe2
 Bg6  10. Bd2  dxe4
 11. Nxe4  Nbd7  12. Nxf6+
 Nxf6  13. Bxg6  hxg6
 14. O-O-O  Rc8  15. Kb1
 Qb6  16. Ka2  c5
 17. dxc5  Bxc5  18. Rhf1
 O-O  19. Rc1  Rfd8
 20. Bg5  Be7  21. Rfd1
 Bc5  22. Rf1  Be7
 23. Rfd1  Bc5 1/2-1/2

[Event "TIPC 2013"]
[Site "Charleroi"]
[Date "2013.07.30"]
[Round "5.7"]
[White "Noiroux, Kevin"]
[Black "De Strycker, Nathan"]
[Result "1-0"]
[LiveChessVersion "1.4-u16"]
[BlackElo "2033"]
[WhiteElo "2243"]

1. d4  Nf6  2. Nf3  c5
 3. c3  b6  4. Bf4
 Bb7  5. e3  g6 
6. Be2  d6  7. h3  Bg7
 8. O-O  O-O  9. Bh2
 Nbd7  10. a4  Qc7
 11. a5  bxa5  12. Nbd2
 Rab8  13. Nb3  cxd4
 14. Nfxd4  Bd5  15. c4
 Bxc4  16. Bxc4  Qxc4
 17. Nxa5  Qc5  18. Ndc6
 e5  19. Rc1  Qb5
 20. Nxb8  Qxb8  21. Nc6
 Qxb2  22. Qxd6  Re8
 23. Nxa7  Bf8  24. Qc6
 Re6  25. Qc3  Qb7
 26. Qc7  Qb2  27. Qc3
 Qb7  28. Qc7  Qb2
 29. Rb1  Qe2  30. Nb5
 Kg7  31. Nc3  Qa6
 32. Ra1  Qd3  33. Rfd1
 Qc2  34. Ra2  Qf5
 35. Rxd7  Nxd7  36. Qxd7
 Bb4  37. g4  Qf3
 38. Qd1  Qxh3  39. Ne4
 Be7  40. Ra7  h5
 41. g5  Qf5  42. Qd5
 Bxg5  43. Rxf7+  Qxf7
 44. Nxg5  Qf5  45. Qd7+
 Kh6  46. Nf7+ 1-0

[Event "TIPC 2013"]
[Site "Charleroi"]
[Date "2013.07.30"]
[Round "5.8"]
[White "Minet, Julien"]
[Black "Le Quang, Kim"]
[Result "0-1"]
[LiveChessVersion "1.4-u16"]
[BlackElo "2242"]
[WhiteElo "1991"]

1. e4  g6  2. d4  Bg7
 3. Nf3  d6  4. Bc4
 e6  5. O-O  Ne7 
6. Re1  Nd7  7. Nbd2  O-O
 8. Nf1  b6  9. Ng3
 Bb7  10. Bg5  h6
 11. Be3  d5  12. Bd3
 dxe4  13. Bxe4  Qc8
 14. Bxb7  Qxb7  15. Qd2
 Kh7  16. c4  Rad8
 17. Rad1  Qa6  18. Qc2
 b5  19. b3  bxc4
 20. bxc4  Nb6  21. Rc1
 Nc6  22. Qc3  Qxa2
 23. Rc2  Qa5  24. Qxa5
 Nxa5  25. c5  Nd5
 26. Ra2  Nc6  27. Ra6
 Ndb4  28. Ra4  a5
 29. Ne2  Rb8  30. h3
 Rfd8  31. Bf4  Nd3
 32. Rea1  Nxf4  33. Nxf4
 Nxd4  34. Nxd4  Bxd4
 35. Rc1  Rb5  36. Rac4
 Be5  37. Ne2  Rd2
 38. Nc3  Rb4  39. Rxb4
 axb4  40. Ne4  Re2
 0-1

[Event "TIPC 2013"]
[Site "Charleroi"]
[Date "2013.07.30"]
[Round "5.9"]
[White "Geenen, Marc"]
[Black "Degembe, Pierre"]
[Result "1-0"]
[LiveChessVersion "1.4-u16"]
[BlackElo "2018"]
[WhiteElo "2235"]

1. e4  c5  2. Nf3  d6
 3. d4  cxd4  4. Nxd4
 Nf6  5. Nc3  a6 
6. Bg5  e6  7. f4  b5
 8. e5  dxe5  9. fxe5
 Qc7  10. exf6  Qe5+
 11. Be2  Qxg5  12. Qd3
 Qxf6  13. Rf1  Qe5
 14. Rd1  Ra7  15. Nf3
 Qc7  16. Ng5  f5
 17. Qd4  Qe7  18. Bh5+
 g6  19. Qxh8  Qxg5
 20. Be2  Rg7  21. Ne4
 Qh4+  22. g3  Qxe4
 23. Rd8+  Kxd8  24. Qxf8+
 Kc7  25. Qxg7+  Bd7
 26. Rf3  Nc6  27. Rd3
 Ne5  28. Rc3+  Kb6
 29. Qf8  Bc6  30. Qb8+
 Bb7  31. Qc7+  Ka7
 32. Qc5+  Kb8  33. Re3
 Qh1+  34. Kd2  Nf3+
 35. Bxf3  Bxf3  36. Rxe6
 Qd1+  37. Kc3  1-0

[Event "TIPC 2013"]
[Site "Charleroi"]
[Date "2013.07.30"]
[Round "5.11"]
[White "Baguet, Frédéric"]
[Black "Van Houtte, Thierry"]
[Result "1/2-1/2"]
[LiveChessVersion "1.4-u16"]
[BlackElo "2174"]
[WhiteElo "2014"]

1. d4 d5 2. e4 dxe4 3. Nc3 Nf6 4. f3 Bf5 5. g4 Bg6 6. g5 Nd5 7. Nxe4 Nc6 8. c3 e6
9. Bd3 h6 10. f4 Bxe4 11. Bxe4 hxg5 12. fxg5 Qd6 13. Bxd5 Qxd5 14. Qf3 O-O-O 15.
Qxd5 Rxd5 16. Be3 Ne7 17. O-O-O Nf5 18. Bf4 g6 19. Nf3 Rh3 20. Rdf1 Bd6 21. Ne5
Bxe5 22. Bxe5 b5 23. a3 c5 24. Rf2 Kd7 25. Rd1 Ke8 26. Bf6 c4 27. Re1 a5 28. Kd2
Kd7 29. Be5 Kc6 30. Kc2 Rd7 31. Kc1 Rb7 32. Bf4 b4 33. Re5 bxc3 34. Rc5+ Kd7 35.
Rxc4 cxb2+ 36. Rxb2 Rxb2 37. Kxb2 Nd6 38. Rc5 a4 39. Ka2 Rd3 40. Be5 Rd2+ 41. Ka1
Ne4 42. Rc7+ Kd8 43. Rc4 Rf2 44. h4 Rf1+ 45. Kb2 Rf2+ 46. Ka1 Re2 47. Rxa4 Nc3
1/2-1/2

[Event "TIPC 2013"]
[Site "Charleroi"]
[Date "2013.07.30"]
[Round "5.12"]
[White "De Villers, Mourad"]
[Black "Gorts, Sven"]
[Result "1-0"]
[LiveChessVersion "1.4-u16"]
[BlackElo "1932"]
[WhiteElo "2160"]

1. c4 Nf6 2. Nf3 c5 3. Nc3 Nc6 4. g3 g6 5. Bg2 Bg7 6. d4 cxd4 7. Nxd4 O-O 8. O-O
Qb6 9. Nb3 d6 10. c5 dxc5 11. Na4 Qc7 12. Naxc5 Rd8 13. Qc2 Nb4 14. Qc4 Na6 15.
Qf4 Qb6 16. Na4 Qe6 17. Nc3 Nb8 18. Be3 Nc6 19. Rad1 Re8 20. Nb5 Nh5 21. Qa4 Be5
22. N5d4 Qf6 23. Nxc6 bxc6 24. Bxc6 Bh3 25. Bxe8 Bxf1 26. Rxf1 1-0

[Event "TIPC 2013"]
[Site "Charleroi"]
[Date "2013.07.30"]
[Round "5.13"]
[White "Cornil, Etienne"]
[Black "Spanoghe, Ivan"]
[Result "1/2-1/2"]
[LiveChessVersion "1.4-u16"]
[BlackElo "2156"]
[WhiteElo "1986"]

1. d4 Nf6 2. e3 d6 3. f4 Bf5 4. Nf3 e6 5. Be2 c5 6. O-O Nbd7 7. c3 Be7 8. Re1 O-O
9. Nbd2 Ne4 10. g4 Bg6 11. Nxe4 Bxe4 12. Nd2 Bc6 13. Bf3 Bxf3 14. Qxf3 d5 15. Nf1
b5 16. Bd2 a5 17. Ng3 b4 18. Kg2 Nb6 19. Rad1 Na4 20. Rb1 Qd7 21. h4 Nb6 22. dxc5
Nc4 23. Red1 Bxc5 24. cxb4 axb4 25. b3 Rxa2 26. bxc4 dxc4 27. Ne4 1/2-1/2

[Event "TIPC 2013"]
[Site "Charleroi"]
[Date "2013.07.30"]
[Round "5.14"]
[White "Capone, Nicola"]
[Black "Knudde, Francis"]
[Result "1-0"]
[LiveChessVersion "1.4-u16"]
[BlackElo "1837"]
[WhiteElo "2149"]

1. e4 g6 2. d4 Bg7 3. Nf3 c5 4. dxc5 Qa5+ 5. Bd2 Qxc5 6. Bc3 Bxc3+ 7. Nxc3 d6 8.
Be2 Nf6 9. O-O O-O 10. Qd2 Kg7 11. a3 Bg4 12. b4 Qb6 13. Nd5 Nxd5 14. exd5 Nd7
15. c4 a5 16. Rab1 axb4 17. axb4 Ra7 18. Rfc1 Rfa8 19. Qc3+ Nf6 20. c5 dxc5 21.
bxc5 Qa5 22. Qe5 Bf5 23. Rb2 Qd8 24. Rd2 Ra2 25. Rxa2 Rxa2 26. Bc4 Ra4 27. Nd2
Rb4 28. Qc3 Ra4 29. Bb3 Ra7 30. Nc4 Kg8 31. Nb6 Ne4 32. Qb4 Qc7 33. f3 Qf4 34.
Re1 Qd2 35. Qxd2 Nxd2 36. Ba4 Nc4 37. Nxc4 Rxa4 38. Nb6 Ra5 39. Rc1 Rb5 40. g4
Bd3 41. Rc3 Rb1+ 42. Kf2 Bb5 43. c6 bxc6 44. dxc6 Ba6 45. Nd5 e6 46. Nf6+ Kg7 47.
Ne4 f5 48. Nc5 Bc8 49. g5 Kf7 50. Nd3 Ke7 51. f4 Kd6 52. Ne5 Rb2+ 53. Kg3 Kc7 54.
Ra3 Kb6 55. Nc4+ 1-0

[Event "TIPC 2013"]
[Site "Charleroi"]
[Date "2013.07.30"]
[Round "5.15"]
[White "De Reymaeker, Walter"]
[Black "Van Cappelen, Jonas"]
[Result "0-1"]
[LiveChessVersion "1.4-u16"]
[BlackElo "2144"]
[WhiteElo "1975"]

1. e4 c5 2. Nc3 e6 3. f4 a6 4. d3 b5 5. g3 Bb7 6. Bg2 b4 7. Nce2 d5 8. exd5 Bxd5
9. Nf3 Nf6 10. O-O Be7 11. h3 O-O 12. b3 Nfd7 13. Bb2 Bf6 14. Bxf6 Qxf6 15. Qd2
Nc6 16. Rae1 a5 17. g4 a4 18. g5 Qd8 19. Ng3 Qc7 20. Qf2 Qxf4 21. Ne4 Nd4 22.
Nxd4 Qxf2+ 23. Nxf2 Bxg2 24. Nxe6 Bxf1 25. Nxf8 Bxh3 26. Nxd7 Bxd7 27. Re7 Be6
28. Rc7 h6 29. gxh6 gxh6 30. Rxc5 Kg7 31. d4 axb3 32. axb3 Rd8 33. d5 Bxd5 34.
Nd3 Bxb3 35. Nxb4 Be6 36. Kf2 Kf6 37. Nd3 Bf5 38. Ke3 h5 39. Ne1 Re8+ 40. Kf2 Rg8
41. Nf3 Rg4 42. c3 h4 43. Rc6+ Kg7 44. Rc5 Kf6 45. Rc6+ Be6 46. Rc5 h3 47. Rc6
Rg2+ 48. Kf1 Ra2 49. Kg1 Kf5 50. Nd4+ Kg4 51. Rc5 Kg3 52. Rg5+ Bg4 0-1

[Event "TIPC 2013"]
[Site "Charleroi"]
[Date "2013.07.30"]
[Round "5.17"]
[White "Dessomme, Francois"]
[Black "Barbier, Wim"]
[Result "0-1"]
[LiveChessVersion "1.4-u16"]
[BlackElo "2115"]
[WhiteElo "1942"]

1. d4 d6 2. Nf3 Nf6 3. c4 Nbd7 4. Nc3 e5 5. d5 Be7 6. e4 a5 7. Bd3 O-O 8. h3 Nc5
9. Bc2 c6 10. Qe2 cxd5 11. cxd5 Bd7 12. O-O b5 13. Rd1 b4 14. Nb1 Qb8 15. Bg5 Bb5
16. Qe1 Rc8 17. Qe3 Qa7 18. Nbd2 Nd3 19. Qxa7 Rxa7 20. Bxd3 Bxd3 21. Bxf6 Bxf6
22. Rdc1 Rac7 23. Rxc7 Rxc7 24. Ne1 Bb5 25. a3 bxa3 26. Rxa3 a4 27. Ra1 Bg5 28.
Ndf3 Bc1 29. Rb1 g6 30. g4 Kg7 31. h4 Bf4 32. Ra1 Rc4 33. Ra3 Rxe4 34. Nd3 Bxd3
35. Rxd3 Bc1 36. Rc3 Rxg4+ 37. Kf1 Bxb2 38. Rc2 h6 39. Rc6 a3 40. Ra6 Rf4 41. Ke2
Rc4 42. Kd3 Rc3+ 43. Ke2 Rc2+ 44. Ke3 a2 0-1

[Event "TIPC 2013"]
[Site "Charleroi"]
[Date "2013.07.30"]
[Round "5.19"]
[White "Dinev, Dimiter"]
[Black "Callier, Christophe"]
[Result "1-0"]
[LiveChessVersion "1.4-u16"]
[BlackElo "2060"]
[WhiteElo "1915"]

1. d4 Nf6 2. Nf3 g6 3. g3 Bg7 4. Bg2 O-O 5. O-O d6 6. Bd2 Nbd7 7. Qc1 Re8 8. Nc3
e5 9. dxe5 Nxe5 10. Nxe5 Rxe5 11. Bf4 Re8 12. Rd1 a5 13. Bg5 Qd7 14. e4 a4 15. a3
c6 16. Qf4 Nh5 17. Qxd6 Qxd6 18. Rxd6 h6 19. Be3 Be6 20. Rad1 Nf6 21. h3 Kh7 22.
Kh2 Rec8 23. f4 Bf8 24. R6d4 b5 25. e5 Nd5 26. Nxd5 cxd5 27. c3 Bc5 28. R4d3 Bf5
29. Bxc5 Bxd3 30. Bxd5 Bc4 31. Bxa8 Rxc5 32. Kg2 Kg7 33. Kf3 Kf8 34. Ke4 Rc8 35.
Bb7 Rc7 36. Bd5 Rb7 37. Rd4 Bf1 38. Ke3 Rc7 39. h4 Ke7 40. Ba2 h5 41. Rd6 Bh3 42.
Kf2 Bf5 43. Ke3 Bh3 44. Bd5 Bd7 45. Rb6 Rc5 46. Ke4 Rc7 47. Rf6 Be8 48. f5 Rc8
49. fxg6 fxg6 50. Rb6 Rc7 51. Rb7 1-0

[Event "TIPC 2013"]
[Site "Charleroi"]
[Date "2013.07.30"]
[Round "5.20"]
[White "Ronse, Ivan"]
[Black "Verspecht, Thierry"]
[Result "0-1"]
[LiveChessVersion "1.4-u16"]
[BlackElo "2051"]
[WhiteElo "1879"]

1. e4 d6 2. d4 Nf6 3. Nc3 g6 4. Be2 Bg7 5. Be3 c6 6. Qd2 b5 7. a3 Nbd7 8. Bh6
Bxh6 9. Qxh6 Qb6 10. Rd1 b4 11. axb4 Qxb4 12. Qd2 O-O 13. Nf3 Qxb2 14. e5 dxe5
15. dxe5 Nd5 16. Nxd5 cxd5 17. Qh6 Qc3+ 18. Kf1 Re8 19. Rxd5 Nf8 20. Qd2 Qa1+ 21.
Qd1 Qa2 22. Rd2 Be6 23. c4 Qa5 24. h4 Rac8 25. Qc1 h5 26. Rc2 Bf5 27. Rc3 Red8
28. Ra3 Qc5 29. Qa1 Rb8 30. Ra5 Rb1+ 31. Qxb1 Qxa5 32. Qb2 Qc7 33. Nd2 Ne6 34. g3
Nd4 35. f4 Nxe2 36. Kxe2 Bd3+ 37. Kf2 Qc5+ 38. Kg2 Qe3 0-1

[Event "TIPC 2013"]
[Site "Charleroi"]
[Date "2013.07.31"]
[Round "6.1"]
[White "Rausis, Igors"]
[Black "Kveinys, Aloyzas"]
[Result "1/2-1/2"]
[LiveChessVersion "1.4-u16"]
[BlackElo "2479"]
[WhiteElo "2545"]

1. e4  e5  2. Nf3  Nc6
 3. Bb5  a6  4. Ba4
 Nf6  5. O-O  Be7
 6. Re1  b5  7. Bb3
 d6  8. c3  O-O 
9. h3  Re8  10. Ng5  Rf8
 11. Nf3  Re8  12. Ng5
 Rf8  13. d4  Bb7
 14. Nf3  Re8  15. Ng5
 Rf8  16. Nf3  Re8
 17. Ng5  Rf8  18. Nf3
 Re8 1/2-1/2

[Event "TIPC 2013"]
[Site "Charleroi"]
[Date "2013.07.31"]
[Round "6.2"]
[White "Ringoir, Tanguy"]
[Black "Vandevoort, Pascal"]
[Result "1/2-1/2"]
[LiveChessVersion "1.4-u16"]
[BlackElo "2384"]
[WhiteElo "2471"]

1. d4  Nf6  2. c4  g6
 3. Nc3  d5  4. e3
 Bg7  5. Qb3  e6 
6. Qa3  a5  7. Nf3  c6
 8. b3  Na6  9. Be2
 Ne4  10. Qb2  O-O
 11. O-O  Nac5  12. Nxe4
 Nxe4  13. Qc2  Qe7
 14. Ne5  f6  15. Nd3
 e5  16. cxd5  cxd5
 17. a4  Rf7  18. Ba3
 Qd8  19. f3  Rc7
 20. Qb2  1/2-1/2

[Event "TIPC 2013"]
[Site "Charleroi"]
[Date "2013.07.31"]
[Round "6.3"]
[White "Dal Borgo, Albin"]
[Black "Okhotnik, Vladimir"]
[Result "0-1"]
[LiveChessVersion "1.4-u16"]
[BlackElo "2403"]
[WhiteElo "2203"]

1. c4  Nf6  2. g3  d5
 3. cxd5  Nxd5  4. Bg2
 g6  5. Qb3  Nb6 
6. Qc3  f6  7. d4  Bg7
 8. Nf3  Nc6  9. O-O
 Bf5  10. Nbd2  O-O
 11. e4  Bc8  12. Qb3+
 e6  13. Qd3  Qe7
 14. Nc4  Rd8  15. Nxb6
 axb6  16. Be3  Nxd4
 17. Nxd4  c5  18. Qc4
 cxd4  19. Bxd4  b5
 20. Qc3  b4  21. Qe3
 e5  22. Bc5  Qf7
 23. Bxb4  Rxa2  24. Rad1
 Re8  25. Bc3  Be6
 26. Ra1  Rxa1  27. Rxa1
 Bf8  28. Bf1  Qc7
 29. b4  Rc8  30. Bd2
 Qd7  31. Be1  Qd4
 32. Qxd4  exd4  33. Bd3
 Bc4  34. Rc1  b5
 35. Bd2  Kf7  36. Bf1
 Ke8  37. f3  Rc7
 38. Kf2  g5  39. Be2
 Bd6  40. f4  h6 
41. h4  Kf8  42. Ke1  d3
 43. Bf1  gxf4  44. gxf4
 Re7  45. Bg2  Ra7
 46. Bf3  Ra2  47. Rb1
 Kg7  48. h5  Bc7
 49. Bg4  Bb6  50. Bf5
 Bg1  51. Bg4  Bh2
 52. Bf3  Bg3+  53. Kd1
 Bf2  54. Bg4  Bd4
 55. Ke1  Bg1  56. Bf3
 Bh2  57. Bg4  Bf7
 58. Bf3  Bg3+  59. Kd1
 Be6  60. Kc1  Rc2+
 61. Kd1  Bxf4  62. Bxf4
 Rf2  63. Rc1  Bc4
 64. Be3 Rxf3 65. Kd2 Rh3 66. Rg1+ Kh7 67. Rg6 Rxh5 68. Rxf6 Rh2+
69. Rf2 Rh1 0-1

[Event "TIPC 2013"]
[Site "Charleroi"]
[Date "2013.07.31"]
[Round "6.4"]
[White "Eliet, Nicolas"]
[Black "De Villers, Mourad"]
[Result "1-0"]
[LiveChessVersion "1.4-u16"]
[BlackElo "2160"]
[WhiteElo "2402"]

1. d4  Nf6  2. c4  g6
 3. Nc3  Bg7  4. e4
 d6  5. h3  O-O 
6. Bg5  h6  7. Be3  e5
 8. d5  a5  9. Bd3
 Na6  10. Nge2  Nc5
 11. Bc2  Nh5  12. Qd2
 g5  13. g3  Kh7 
14. O-O-O  Bd7  15. f3  Qe7
 16. g4  Nf4  17. h4
 f6  18. Ng3  Rab8
 19. Nb5  Rfc8  20. Kb1
 Ra8  21. Rh2  Bf8
 22. hxg5  fxg5  23. Rdh1
 Kg6  24. Nc3  Bg7
 25. Nf5  Bxf5  26. exf5+
 Kf7  27. Bxc5  dxc5
 28. Ne4  Rh8  29. d6
 cxd6  30. f6  Bxf6
 31. Rxh6  Kg7  32. Nxd6
 Rxh6  33. Rxh6  Kg8
 34. Ne4  Rd8  35. Qxa5
 Bg7  36. Rh1  Ne6
 37. Nc3  Qf8  38. Be4
 Rd4  39. Qb6  Nf4
 40. Qxb7  Qd8  41. Nd5
 Rd2  42. Rh7  Ne6
 43. Bg6  1-0

[Event "TIPC 2013"]
[Site "Charleroi"]
[Date "2013.07.31"]
[Round "6.6"]
[White "Barbier, Wim"]
[Black "Sarrau, Jelle"]
[Result "0-1"]
[LiveChessVersion "1.4-u16"]
[BlackElo "2309"]
[WhiteElo "2115"]

1. Nf3  c5  2. c4  Nf6
 3. g3  b6  4. Bg2
 Bb7  5. O-O  e6 
6. b3  Be7  7. Bb2  O-O
 8. d3  a6  9. Nc3
 d5  10. cxd5  Nxd5
 11. Nxd5  Bxd5  12. e4
 Bb7  13. Qe2  Nc6
 14. a3  Bf6  15. e5
 Be7  16. Qe3  Na5
 17. d4  c4  18. b4
 Nb3 19. Rad1  a5  20. d5
 Bxd5  21. Nd4  Nxd4
 22. Bxd4  Bxg2  23. Bxb6
 Qc8  24. Kxg2  axb4
 25. axb4  Qc6+  26. Kg1
 Bxb4  27. Rb1  Ra3
 28. Qd4  Rd3  29. Qb2
 Bc3  30. Qb5  Qxb5
 31. Rxb5  Rb8  32. Rfb1
 Rd5  33. Bc5  Rxb5
 34. Rxb5  Bxe5  35. Ra5
 h6  36. Ra8+  Kh7
 37. Rc8  Rd7  38. Bb6
 Rb7  39. Ba5  Ra7
 40. Bb6  Rb7  41. Ba5
 Rb5  42. Bd2  c3
 43. Be3  Kg6  44. Kg2
 f5  45. h4  Kf7 
46. Kf3  Rb7  47. Rc5  Bf6
 48. Ke2  Rd7  49. h5
 Rb7  50. Kd3  Rb1
 51. Bf4  Rh1  52. Rc7+
 Ke8  53. Rc6  Kd7
 54. Rc7+  Kd8  55. Ra7
 Rxh5  56. Bc7+  Ke8
 57. Ba5  Rh2 0-1

[Event "TIPC 2013"]
[Site "Charleroi"]
[Date "2013.07.31"]
[Round "6.8"]
[White "Maala, Abdessadek"]
[Black "Noiroux, Kevin"]
[Result "1-0"]
[LiveChessVersion "1.4-u16"]
[BlackElo "2243"]
[WhiteElo "2118"]

1. Nf3  Nf6  2. g3  b5
 3. Bg2  Bb7  4. O-O
 e6  5. d3  d5 
6. b3  Nbd7  7. Bb2  Bd6
 8. Nbd2  O-O  9. e4
 Bc5  10. Nd4  Bxd4
 11. Bxd4  e5  12. Bb2
 d4  13. f4  c5 
14. f5  a5  15. g4  Ne8
 16. a4  bxa4  17. Rxa4
 Nd6  18. Nf3  Bc6
 19. Ra1  f6  20. h4
 a4  21. bxa4  Bxa4
 22. g5  Qe8  23. Nh2
 Kh8  24. Bf3  Qe7
 25. Qd2  Rfc8  26. Bc1
 c4  27. Qg2  cxd3
 28. cxd3  Nc5  29. Be2
 Bc2  30. Rxa8  Rxa8
 31. Qf3  Nb5  32. g6
 Nc3  33. Qh5  Nxe2+
 34. Qxe2  Bxd3  35. Qh5
 h6  36. Ng4  Kg8
 37. Bxh6  gxh6  38. Nxh6+
 Kg7  39. Nf7  Qxf7
 40. Qh7+  1-0

[Event "TIPC 2013"]
[Site "Charleroi"]
[Date "2013.07.31"]
[Round "6.9"]
[White "Le Quang, Kim"]
[Black "Capone, Nicola"]
[Result "1/2-1/2"]
[LiveChessVersion "1.4-u16"]
[BlackElo "2149"]
[WhiteElo "2242"]

1. e4  c5  2. Nc3  e6
 3. f4  a6  4. Qe2
 Nc6  5. Nf3  Be7
 6. d3  d5  7. g3
 Nf6  8. Bg2  Nd4
 9. Nxd4  cxd4  10. Nd1
 dxe4  11. dxe4  Bb4+
 12. Bd2  Qa5  13. a3
 Bxd2+  14. Qxd2  Qxd2+
 15. Kxd2  e5  16. Nf2
 Ke7  17. Nd3  Ng4
 18. Bf3  exf4  19. gxf4
 Ne3  20. b3  Bg4
 21. Ne5  f5  22. Bxg4
 Nxg4  23. Nxg4  fxg4
 24. Rag1  h5  25. h3
 Raf8  26. f5  Kf6
 27. hxg4  h4  28. g5+
 Ke5  29. Rg4  h3
 30. f6  gxf6  31. g6
 Rfg8  32. Rh2  Rh5
 33. Kd3  Rg5  34. Rh4
 Rg3+  35. Kd2  R8xg6
 36. R4xh3  Rxh3  37. Rxh3
 Kxe4  38. Rh4+  Ke5
 39. Rh7  b5  40. Re7+
 Kd5  41. Rd7+  Ke4
 42. Re7+  Kf3 43. Re6 1/2-1/2

[Event "TIPC 2013"]
[Site "Charleroi"]
[Date "2013.07.31"]
[Round "6.10"]
[White "Verspecht, Thierry"]
[Black "Geenen, Marc"]
[Result "0-1"]
[LiveChessVersion "1.4-u16"]
[BlackElo "2235"]
[WhiteElo "2051"]

1. d4 Nf6 2. c4 g6 3. Nc3 Bg7 4. e4 d6 5. Nf3 O-O 6. h3 e5 7. d5 Nh5 8. g3 Na6 9.
Bg5 f6 10. Be3 f5 11. exf5 gxf5 12. Nh4 Nf6 13. f4 exf4 14. Bxf4 Nc5 15. Be2 Nfe4
16. Nxe4 fxe4 17. Qd2 e3 18. Qxe3 Bxb2 19. Rd1 Qf6 20. O-O Bxh3 21. Ng2 Rae8 22.
Qf3 Qe7 23. Rfe1 Qe4 24. Qf2 Bxg2 25. Qxg2 Qxg2+ 26. Kxg2 Bc3 27. Bd2 Ne4 28.
Bxc3 Nxc3 29. Rd2 Re3 30. Rb2 b5 31. Rc2 Ne4 32. g4 Rf2+ 33. Kg1 Rg3+ 34. Kh1
Rgg2 0-1

[Event "TIPC 2013"]
[Site "Charleroi"]
[Date "2013.07.31"]
[Round "6.11"]
[White "Lacroix, Bruno"]
[Black "Mueller, Martin"]
[Result "1-0"]
[LiveChessVersion "1.4-u16"]
[BlackElo "2100"]
[WhiteElo "2207"]

1. d4 d5 2. Bf4 Nf6 3. e3 c6 4. c3 Bf5 5. Nd2 e6 6. Be2 Bd6 7. Bxd6 Qxd6 8. Qb3
b6 9. Ngf3 O-O 10. O-O Nbd7 11. c4 Rac8 12. Rac1 Bg4 13. h3 Bh5 14. cxd5 exd5 15.
Ba6 Rc7 16. Rc3 Ne4 17. Nxe4 dxe4 18. Nd2 Qg6 19. Rfc1 Kh8 20. Qc2 Bf3 21. Nxf3
exf3 22. Qxg6 fxg6 23. Rxc6 Rxc6 24. Rxc6 Nb8 25. Rc8 Rxc8 26. Bxc8 fxg2 27. d5
Kg8 28. e4 Kf7 29. e5 Ke7 30. e6 Kd8 31. Bb7 Ke7 32. Kxg2 1-0

[Event "TIPC 2013"]
[Site "Charleroi"]
[Date "2013.07.31"]
[Round "6.12"]
[White "Dinev, Dimiter"]
[Black "Van Uytven, Eric"]
[Result "1/2-1/2"]
[LiveChessVersion "1.4-u16"]
[BlackElo "2134"]
[WhiteElo "1915"]

1. d4 d5 2. Nf3 Nf6 3. g3 c6 4. Bg2 Bf5 5. O-O e6 6. b3 h6 7. Bb2 Nbd7 8. Nbd2
Be7 9. Nh4 Bh7 10. Re1 O-O 11. c4 c5 12. Nhf3 cxd4 13. Bxd4 Qb8 14. cxd5 exd5 15.
Bb2 Qd6 16. Bh3 Nc5 1/2-1/2

[Event "TIPC 2013"]
[Site "Charleroi"]
[Date "2013.07.31"]
[Round "6.13"]
[White "Van Mechelen, Jan"]
[Black "Baguet, Frédéric"]
[Result "1/2-1/2"]
[LiveChessVersion "1.4-u16"]
[BlackElo "2014"]
[WhiteElo "2188"]

1. e4 d5 2. exd5 Qxd5 3. Nc3 Qa5 4. d4 Nf6 5. Bc4 Bf5 6. Bd2 c6 7. Nd5 Qd8 8.
Nxf6+ gxf6 9. Ne2 e6 10. c3 Nd7 11. Ng3 Bg6 12. h4 h5 13. Qf3 Qc7 14. O-O-O O-O-O
15. Bb3 Bd6 16. Rhe1 Rdg8 17. Ne4 Bxe4 18. Rxe4 f5 19. Ree1 Rg4 20. Bg5 Bf4+ 21.
Kb1 Bxg5 22. hxg5 Qf4 23. Qxf4 Rxf4 24. g6 fxg6 25. Rxe6 Rg4 26. g3 Rh7 27. d5
Nc5 28. Re8+ Kd7 29. Ra8 1/2-1/2